000
00325nam a2200145Ia 4500
008
150201s2005 xx 000 0 und d
082
_a
611
_b
C2005S
100
_a
SINGH,VISHARM
245
_a
CLINICAL ANATOMY
250
_a
1ST
260
_b
ELSEVIER
_a
DELHI
_c
2005
300
_a
1-346
650
_a
ANATOMY
942
_2
ddc
_c
BK
999
_c
3410
_d
3410